[Event "13th SC 1400/1800"]
[Site "SchemingMind.com"]
[Date "2006.07.19"]
[Round "-"]
[White "uergash"]
[Black "Mitchell-in"]
[Result "0-1"]
[WhiteCountry "USA"]
[BlackCountry "ENG"]
[WhiteElo "1452"]
[WhiteRD "75"]
[BlackElo "1552"]
[BlackRD "65"]
[GameID "60346"]

1. e4 c5 2. Nf3 Nc6 3. d4 cxd4 4. Nxd4 e5 5. Nb5 a6 6. Nd6+ Bxd6 7. Qxd6 Qf6 8. Qxf6 Nxf6 9. Nc3 Nb4 10. Bd3 Nxd3+
11. cxd3 d6 12. O-O O-O 13. Bg5 b5 14. Bxf6 gxf6 15. Nd5 Kg7 16. f4 Be6 17. Nc7 Ra7 18. Nxe6+ fxe6 19. fxe5 fxe5 20. Rxf8 Kxf8
21. Rf1+ Rf7 22. Rxf7+ Kxf7 23. Kf2 Kg6 24. Ke3 d5 25. b4 Kg5 26. Kf3 h5 27. g3 h4 28. g4 Kh6 29. Kg2 Kg5 30. Kh3 dxe4
31. dxe4 Kf4 32. Kxh4 Kxe4 33. g5 Kf5 34. Kh5 e4 35. g6 e3 36. g7 e2 37. g8=Q e1=Q 38. Qg6+ Ke5 39. Qg3+ Qxg3 40. hxg3 Kd4
41. g4 e5 42. g5 e4 43. g6 e3 44. g7 e2 45. g8=Q e1=Q 46. Qd8+ Kc4 47. Qd6= Qe2+
0-1

[Event "13th SC 1400/1800"]
[Site "SchemingMind.com"]
[Date "2006.07.19"]
[Round "-"]
[White "Joe Hayden"]
[Black "Mitchell-in"]
[Result "0-1"]
[WhiteCountry "IRL"]
[BlackCountry "ENG"]
[WhiteElo "1650"]
[WhiteRD "86"]
[BlackElo "1605"]
[BlackRD "60"]
[GameID "60347"]

1. e4 c5 2. Nf3 Nc6 3. Bc4 e6 4. O-O Nf6 5. Nc3 a6 6. e5 Ng4 7. Re1 Qc7 8. d4 cxd4 9. Nxd4 Ngxe5 10. Nxc6 Nxc6
11. Nd5 Qd6 12. Bf4 e5 13. Bg3 Be7 14. Qe2 f6 15. Rad1 Nd4 16. Qd3 b5 17. Bb3 Nxb3 18. Qxb3 Bb7 19. Qe3 Bxd5 20. Qd2 O-O
21. Qxd5+ Qxd5 22. Rxd5 d6 23. c3 Rfc8 24. h3 Kf7 25. Red1 Rc6 26. R1d3 Ke6 27. f3 Rac8 28. Kf2 Rc5 29. Rxc5 Rxc5 30. Ke3 d5
31. Bf2 Rc6 32. Ke2 Bc5 33. Bg3 f5 34. b4 Bd6 35. Bf2 g5 36. Kd2 e4 37. Re3 f4 38. Re1 e3+ 39. Kd3 Be5 40. Bg1 Rxc3+
41. Ke2 Rc2+ 42. Kd1 Rxa2 43. Bh2 Ra1+ 44. Ke2 Rxe1+ 45. Kxe1 d4 46. Ke2 Kd5 47. Kd3 Bd6 48. Bg1 Bxb4 49. Bh2 Bd6 50. Bg1 a5
51. Kc2 Kc4 52. Kd1 d3 53. Bh2 e2+
0-1